[Event "?"]
[Site "?"]
[Date "????.??.??"]
[Round "?"]
[White "Nickl, K."]
[Black "Just, J."]
[Result "1-0"]
[WhiteElo "2101"]
[BlackElo "2055"]
[Annotator "054"]
[PlyCount "91"]
[EventDate "2013.??.??"]
[WhiteTeam "Steiermark"]
[BlackTeam "Saale-Schachbund Halle"]

1. d4 d5 2. Nf3 c6 3. e3 Nf6 4. c4 Bg4 5. Qb3 Qb6 6. Nc3 e6 7. Ne5 Bf5 8. Be2
Qxb3 9. axb3 Bc2 10. Bd1 Bxd1 11. Kxd1 Ne4 12. Ke2 f6 13. Nd3 Nd7 14. c5 e5 15.
b4 Nxc3+ 16. bxc3 Be7 17. f3 O-O 18. e4 exd4 19. exd5 cxd5 20. cxd4 a6 21. Nf4
Rfe8 22. Kf2 Bf8 23. Nxd5 Rac8 24. Bb2 Kf7 25. Rhe1 g5 26. Rxe8 Rxe8 27. Ne3 h5
28. b5 Nxc5 29. dxc5 Bxc5 30. Bc1 f5 31. bxa6 bxa6 32. Ra5 Re5 33. Kf1 Bxe3 34.
Rxe5 Bxc1 35. Rxf5+ Kg6 36. Ra5 h4 37. Rxa6+ Kf5 38. Ra5+ Kg6 39. g3 Bd2 40.
Rd5 Be3 41. Kg2 Kf6 42. Kh3 Bf2 43. Kg4 hxg3 44. hxg3 Be3 45. Rd6+ Ke5 46. Rg6
1-0

[Event "?"]
[Site "?"]
[Date "????.??.??"]
[Round "?"]
[White "Franke, R."]
[Black "Kratschmer, H."]
[Result "1/2-1/2"]
[WhiteElo "1991"]
[BlackElo "2139"]
[Annotator "055"]
[PlyCount "52"]
[EventDate "2013.??.??"]
[WhiteTeam "Saale-Schachbund Halle"]
[BlackTeam "Steiermark"]

1. b4 e5 2. Bb2 Bxb4 3. Bxe5 Nf6 4. e3 O-O 5. Nf3 d5 6. Be2 Re8 7. O-O Nc6 8.
Bb2 Bg4 9. d4 Qe7 10. c3 Bd6 11. Nbd2 Ne4 12. c4 Nxd2 13. Nxd2 Bxe2 14. Qxe2
Qe6 15. cxd5 Qxd5 16. Qc4 Qh5 17. Nf3 Re4 18. Qc2 Rae8 19. a4 Nb4 20. Qd1 f6
21. Ba3 a5 22. Bxb4 axb4 23. a5 Kh8 24. g3 g5 25. Nd2 Qxd1 26. Rfxd1 R4e7
1/2-1/2

[Event "?"]
[Site "?"]
[Date "????.??.??"]
[Round "?"]
[White "Pitzl, K."]
[Black "Reinemann, G."]
[Result "1/2-1/2"]
[WhiteElo "2055"]
[BlackElo "1999"]
[Annotator "056"]
[PlyCount "32"]
[EventDate "2013.??.??"]
[WhiteTeam "Steiermark"]
[BlackTeam "Saale-Schachbund Halle"]

1. Nf3 Nf6 2. g3 g6 3. Bg2 Bg7 4. O-O O-O 5. d3 d6 6. e4 Nc6 7. Nbd2 Rb8 8. a4
a6 9. Nc4 b5 10. axb5 axb5 11. Ne3 Bd7 12. Bd2 Qc8 13. c3 e5 14. Qc2 b4 15. d4
b3 16. Qd3 exd4 1/2-1/2

[Event "?"]
[Site "?"]
[Date "????.??.??"]
[Round "?"]
[White "Liebert, H."]
[Black "Haase, W."]
[Result "1/2-1/2"]
[WhiteElo "2224"]
[BlackElo "2120"]
[Annotator "057"]
[PlyCount "34"]
[EventDate "2013.??.??"]
[WhiteTeam "Sachsen-Anhalt"]
[BlackTeam "Hessen 2"]

1. Nf3 Nf6 2. g3 d5 3. Bg2 e6 4. O-O Nbd7 5. d4 Bd6 6. c4 c6 7. Qc2 O-O 8. b3
Re8 9. Ba3 Bxa3 10. Nxa3 Qe7 11. Qb2 Ne4 12. e3 b6 13. Ne5 Bb7 14. Nxd7 Qxd7
15. Rfd1 f5 16. Rac1 Rec8 17. Nb1 Qe7 1/2-1/2

[Event "?"]
[Site "?"]
[Date "????.??.??"]
[Round "?"]
[White "Thieme, H."]
[Black "Neukirch, D."]
[Result "1/2-1/2"]
[WhiteElo "2084"]
[BlackElo "2247"]
[Annotator "058"]
[PlyCount "31"]
[EventDate "2013.??.??"]
[WhiteTeam "Hessen 2"]
[BlackTeam "Sachsen-Anhalt"]

1. e4 c5 2. Nf3 e6 3. d4 cxd4 4. Nxd4 a6 5. Bd3 Bc5 6. Nb3 Ba7 7. Qg4 Nf6 8.
Qg3 d6 9. Nc3 Nc6 10. O-O b5 11. Qxg7 Rg8 12. Qh6 Rg6 13. Qh3 e5 14. Qh4 Rg4
15. Qh6 Rg6 16. Qh4 1/2-1/2

[Event "?"]
[Site "?"]
[Date "????.??.??"]
[Round "?"]
[White "Hamm, G."]
[Black "Biller, H."]
[Result "1-0"]
[WhiteElo "2109"]
[BlackElo "2098"]
[Annotator "059"]
[PlyCount "43"]
[EventDate "2013.??.??"]
[WhiteTeam "Sachsen-Anhalt"]
[BlackTeam "Hessen 2"]

1. e4 e6 2. d3 d5 3. Nd2 g6 4. g3 Bg7 5. Bg2 Ne7 6. Ngf3 c5 7. O-O Nbc6 8. c3
b6 9. Re1 O-O 10. Nf1 Ba6 11. e5 h6 12. h4 Nf5 13. Bf4 b5 14. Qd2 Kh7 15. N1h2
Rb8 16. Ng4 d4 17. Nf6+ Bxf6 18. exf6 Rc8 19. g4 Nd6 20. Bxh6 Qxf6 21. Bxf8
Rxf8 22. Ng5+ 1-0

[Event "?"]
[Site "?"]
[Date "????.??.??"]
[Round "?"]
[White "Pape, M."]
[Black "Sobeck, G."]
[Result "1/2-1/2"]
[WhiteElo "2216"]
[BlackElo "2096"]
[Annotator "061"]
[PlyCount "96"]
[EventDate "2013.??.??"]
[WhiteTeam "Widukind 1"]
[BlackTeam "USG Chemnitz"]

1. Nf3 Nf6 2. g3 b5 3. Bg2 Bb7 4. d3 e6 5. O-O c5 6. e4 d6 7. Nbd2 Be7 8. Re1
Nbd7 9. Nh4 Qc7 10. a4 b4 11. Nc4 O-O 12. f4 d5 13. Nd2 dxe4 14. dxe4 Rfd8 15.
Qe2 a5 16. Nc4 Ba6 17. b3 Nb6 18. Bb2 Nxc4 19. bxc4 Rab8 20. Nf3 Nd7 21. Nd2 e5
22. Qf2 Bf6 23. f5 Nb6 24. Bf1 Qc6 25. Nb3 Nxa4 26. Nxa5 Qe8 27. Ra2 Bc8 28.
Nb3 Qc6 29. Bd3 Bd7 30. Bc1 Be7 31. Bd2 f6 32. Rea1 Ra8 33. Be3 Be8 34. h3 h6
35. Kh2 Kh7 36. g4 Bf7 37. h4 Nc3 38. Rxa8 Rxa8 39. Rxa8 Qxa8 40. Bxc5 Bxc5 41.
Nxc5 Qa7 42. Kg2 Nd1 43. Qg1 Nb2 44. g5 hxg5 45. hxg5 fxg5 46. Qh2+ Kg8 47.
Qxe5 Nxd3 48. Nxd3 Qe3 1/2-1/2

[Event "?"]
[Site "?"]
[Date "????.??.??"]
[Round "?"]
[White "Wuensch, U."]
[Black "Szenetra, W."]
[Result "1/2-1/2"]
[WhiteElo "2092"]
[BlackElo "2186"]
[Annotator "062"]
[PlyCount "85"]
[EventDate "2013.??.??"]
[WhiteTeam "USG Chemnitz"]
[BlackTeam "Widukind 1"]

1. d4 g6 2. c4 Bg7 3. Nc3 d6 4. e4 Nc6 5. Be3 e5 6. d5 Nce7 7. Be2 f5 8. f3 Nf6
9. Qb3 O-O 10. O-O-O Kh8 11. Kb1 b6 12. Rf1 Neg8 13. Bg5 Bh6 14. Bxh6 Nxh6 15.
Bd3 Bd7 16. Nge2 Qe7 17. Qc2 fxe4 18. Nxe4 Nf5 19. Qd2 Kg7 20. N2g3 h6 21. f4
Nxg3 22. Nxg3 exf4 23. Rxf4 Rae8 24. Rhf1 Qe5 25. Qc2 Qxf4 26. Rxf4 Re1+ 27.
Qc1 Rxc1+ 28. Kxc1 g5 29. Rf1 h5 30. Kd2 h4 31. Nf5+ Bxf5 32. Rxf5 Nh7 33. g3
hxg3 34. hxg3 Nf6 35. g4 Ng8 36. Ke3 Kg6 37. Kd4 Ne7 38. Be4 Ng8 39. Bf3 a5 40.
b3 Ne7 41. Be4 Ng8 42. Bf3 Nh6 43. Be2 1/2-1/2

[Event "?"]
[Site "?"]
[Date "????.??.??"]
[Round "?"]
[White "Pfeiffer, A."]
[Black "Grabitz, G."]
[Result "1-0"]
[WhiteElo "2077"]
[BlackElo "2067"]
[Annotator "064"]
[PlyCount "131"]
[EventDate "2013.??.??"]
[WhiteTeam "USG Chemnitz"]
[BlackTeam "Widukind 1"]

1. e4 g6 2. d4 Bg7 3. c3 d6 4. Bd3 Nc6 5. Ne2 e5 6. Be3 Nf6 7. h3 O-O 8. O-O
Re8 9. Nd2 a6 10. f4 exd4 11. cxd4 Nb4 12. Bb1 Nbd5 13. Bf2 Ne7 14. Ng3 d5 15.
e5 Nd7 16. f5 Nxf5 17. Nxf5 gxf5 18. Qh5 c6 19. Bxf5 Nf8 20. Bh4 Qc7 21. Nf3
Bxf5 22. Qxf5 Qd7 23. Qh5 Qe6 24. Bf6 Bxf6 25. exf6 Qxf6 26. Ne5 Rxe5 27. dxe5
Qg6 28. Qe2 Re8 29. Rf4 Qe6 30. Raf1 Ng6 31. Rxf7 Qxf7 32. Rxf7 Kxf7 33. Qf3+
Kg8 34. Qb3 Re7 35. e6 Kg7 36. Qc3+ Kf8 37. Qb4 Ke8 38. Qd6 Kf8 39. g4 Kg7 40.
g5 h6 41. h4 h5 42. Kf2 Kf8 43. Ke3 Kg7 44. Kd4 Kf8 45. Kc5 Kg7 46. a4 Kf8 47.
Qd8+ Kg7 48. Kd6 d4 49. Qb6 d3 50. Qd4+ Kg8 51. Qe4 Kg7 52. Qf3 Kg8 53. Qf6 Kh7
54. Kc5 d2 55. Qd4 Rxe6 56. Qxd2 Kg7 57. Kb6 Re7 58. Qf2 Rf7 59. Qd4+ Kh7 60.
b3 Nf4 61. Qe4+ Kg7 62. Kc5 Nd5 63. Qe6 Nf4 64. Qh6+ Kg8 65. g6 Nd3+ 66. Kd6
1-0

[Event "?"]
[Site "?"]
[Date "????.??.??"]
[Round "?"]
[White "Vogt, L."]
[Black "Ghijsen, P."]
[Result "1/2-1/2"]
[WhiteElo "2402"]
[BlackElo "2187"]
[Annotator "065"]
[PlyCount "49"]
[EventDate "2013.??.??"]
[WhiteTeam "SC Eppingen"]
[BlackTeam "VAS"]

1. e4 c5 2. Nf3 d6 3. d4 cxd4 4. Nxd4 Nf6 5. Nc3 a6 6. Be2 e6 7. f4 Qc7 8. a4
Be7 9. O-O O-O 10. Kh1 Nc6 11. Be3 Bd7 12. Nb3 Na5 13. e5 Ne8 14. Nxa5 Qxa5 15.
Bf3 Bc6 16. Qd4 Rc8 17. Ne4 Bd5 18. c3 Rc4 19. Qd3 dxe5 20. fxe5 Rxa4 21. Rxa4
Qxa4 22. Nc5 Qc6 23. Bxd5 exd5 24. Nb3 Nc7 25. Nd4 1/2-1/2

[Event "?"]
[Site "?"]
[Date "????.??.??"]
[Round "?"]
[White "Lindner, J."]
[Black "Sandmeier, T."]
[Result "1/2-1/2"]
[WhiteElo "2157"]
[BlackElo "2204"]
[Annotator "066"]
[PlyCount "31"]
[EventDate "2013.??.??"]
[WhiteTeam "VAS"]
[BlackTeam "SC Eppingen"]

1. f4 c5 2. Nf3 g6 3. e4 Bg7 4. d3 Nc6 5. Be2 d6 6. O-O e6 7. Qe1 Nge7 8. Nc3
O-O 9. Be3 Nd4 10. Bd1 Bd7 11. Ne2 Nxf3+ 12. Rxf3 Bc6 13. Rh3 f5 14. Qh4 h5 15.
Nc3 Kf7 16. Bf3 1/2-1/2

[Event "?"]
[Site "?"]
[Date "????.??.??"]
[Round "?"]
[White "Dekan, H."]
[Black "Jongsma, A."]
[Result "1-0"]
[WhiteElo "2172"]
[BlackElo "2148"]
[Annotator "067"]
[PlyCount "79"]
[EventDate "2013.??.??"]
[WhiteTeam "SC Eppingen"]
[BlackTeam "VAS"]

1. e4 c5 2. Nf3 g6 3. d4 Bg7 4. d5 d6 5. c4 Nf6 6. Bd3 e6 7. O-O exd5 8. exd5
O-O 9. Nc3 a6 10. Bg5 h6 11. Bh4 g5 12. Bg3 Nh5 13. Nd2 Nxg3 14. fxg3 Nd7 15.
Qc2 Ne5 16. Bh7+ Kh8 17. Bf5 Ng4 18. Nd1 b5 19. h3 Bd4+ 20. Kh1 Ne5 21. Rb1
bxc4 22. Nxc4 Nxc4 23. Qxc4 Bd7 24. Nc3 Be5 25. Qe2 Ra7 26. Ne4 f6 27. Qh5 Bxf5
28. Rxf5 Kg7 29. Qf3 Rb7 30. b3 Rb5 31. Nd2 Qd7 32. Nc4 Kg6 33. Rf1 Bf4 34.
Rxf4 gxf4 35. Qxf4 Qe7 36. Qf5+ Kg7 37. Rf4 Rb7 38. Rg4+ Kh8 39. Rg6 Kh7 40.
Qh5 1-0

[Event "?"]
[Site "?"]
[Date "????.??.??"]
[Round "?"]
[White "Van Dongen, R."]
[Black "Staub, Ge"]
[Result "1/2-1/2"]
[WhiteElo "1986"]
[BlackElo "2097"]
[Annotator "068"]
[PlyCount "47"]
[EventDate "2013.??.??"]
[WhiteTeam "VAS"]
[BlackTeam "SC Eppingen"]

1. d4 Nf6 2. c4 e6 3. Nc3 Bb4 4. Qc2 O-O 5. a3 Bxc3+ 6. Qxc3 d5 7. Bg5 h6 8.
Bh4 g5 9. Bg3 Ne4 10. Qc2 Nc6 11. e3 Nxg3 12. hxg3 Qf6 13. cxd5 exd5 14. Bd3
Be6 15. Rc1 Ne7 16. Nf3 c6 17. Qb3 b6 18. Bb1 Kg7 19. Qc2 Bf5 20. Qe2 Bxb1 21.
Rxb1 c5 22. Rc1 Rac8 23. O-O Ng6 24. b3 1/2-1/2

[Event "?"]
[Site "?"]
[Date "????.??.??"]
[Round "?"]
[White "Beltz, M."]
[Black "Schmidt, G."]
[Result "1/2-1/2"]
[WhiteElo "2090"]
[BlackElo "2235"]
[Annotator "069"]
[PlyCount "20"]
[EventDate "2013.??.??"]
[WhiteTeam "Deutschland Frauen"]
[BlackTeam "USV TU Dresden"]

1. d4 d5 2. g3 Nf6 3. Bg2 c6 4. Nf3 Bf5 5. O-O h6 6. c4 e6 7. b3 Nbd7 8. Bb2
Be7 9. Nbd2 O-O 10. e3 Qa5 1/2-1/2

[Event "?"]
[Site "?"]
[Date "????.??.??"]
[Round "?"]
[White "Petzold, H."]
[Black "Burchardt, B."]
[Result "1/2-1/2"]
[WhiteElo "2129"]
[BlackElo "2201"]
[Annotator "070"]
[PlyCount "20"]
[EventDate "2013.??.??"]
[WhiteTeam "USV TU Dresden"]
[BlackTeam "Deutschland Frauen"]

1. e4 b6 2. d4 Bb7 3. Nc3 e6 4. Nf3 d6 5. Bb5+ c6 6. Bd3 Nd7 7. O-O e5 8. Qe2
Ngf6 9. dxe5 dxe5 10. Bg5 Be7 1/2-1/2

[Event "?"]
[Site "?"]
[Date "????.??.??"]
[Round "?"]
[White "Habershon, P."]
[Black "Hedin, G."]
[Result "1-0"]
[WhiteElo "2092"]
[BlackElo "2125"]
[Annotator "073"]
[PlyCount "89"]
[EventDate "2013.??.??"]
[WhiteTeam "England 3"]
[BlackTeam "Schweden 2"]

1. c4 f5 2. Nc3 Nf6 3. g3 g6 4. Bg2 Bg7 5. d3 d6 6. e4 Nc6 7. Nge2 e5 8. O-O
O-O 9. Rb1 a5 10. a3 Bd7 11. b4 axb4 12. axb4 Qc8 13. Qb3 fxe4 14. dxe4 Be6 15.
Nd5 Kh8 16. Qd3 Bh3 17. f3 Bxg2 18. Kxg2 Rf7 19. Be3 Ra2 20. Rf2 Qa8 21. b5
Nxd5 22. Qxd5 Nd8 23. b6 Qa3 24. bxc7 Rxc7 25. Bb6 Rc8 26. c5 Nc6 27. cxd6 Rf8
28. Rb3 Qa6 29. Qb5 Nb8 30. Nc3 Qxb5 31. Rxb5 Rxf2+ 32. Kxf2 Rc8 33. Bc7 Nd7
34. Rxb7 Kg8 35. Ba5 Nc5 36. d7 Nxd7 37. Rxd7 Bf8 38. Rd8 Rxd8 39. Bxd8 Kf7 40.
Bb6 Ke6 41. Na4 Bd6 42. Nc5+ Ke7 43. Ke2 Kf7 44. Kd3 Bf8 45. Kc4 1-0

[Event "?"]
[Site "?"]
[Date "????.??.??"]
[Round "?"]
[White "Nordstrom, F."]
[Black "Wood, P."]
[Result "1/2-1/2"]
[WhiteElo "2116"]
[BlackElo "1951"]
[Annotator "074"]
[PlyCount "70"]
[EventDate "2013.??.??"]
[WhiteTeam "Schweden 2"]
[BlackTeam "England 3"]

1. d4 e6 2. c4 f5 3. Nc3 Nf6 4. e3 d6 5. Bd3 Be7 6. Qc2 O-O 7. Nf3 Qe8 8. O-O
Qh5 9. Be2 Qg6 10. b3 Nc6 11. Ba3 a5 12. d5 Nb4 13. Bxb4 axb4 14. Nb5 c6 15.
Nc7 Ra7 16. Nxe6 Bxe6 17. dxe6 Ne4 18. Nd4 Bf6 19. f3 Bxd4 20. exd4 Nc3 21. d5
Rfa8 22. a4 Qf6 23. dxc6 bxc6 24. Rae1 Re7 25. Bd3 g6 26. Qf2 Rae8 27. g3 Rxe6
28. Kg2 c5 29. a5 Ra8 30. Rxe6 Qxe6 31. Ra1 Qf6 32. Qc2 Ne2 33. Ra4 Nc3 34. Ra1
Ne2 35. Ra4 Nc3 1/2-1/2

[Event "?"]
[Site "?"]
[Date "????.??.??"]
[Round "?"]
[White "Wademark, H."]
[Black "Phillips, W."]
[Result "1-0"]
[WhiteElo "2080"]
[BlackElo "1932"]
[Annotator "076"]
[PlyCount "105"]
[EventDate "2013.??.??"]
[WhiteTeam "Schweden 2"]
[BlackTeam "England 3"]

1. e4 g6 2. Nc3 Bg7 3. f4 c6 4. d3 d6 5. Nf3 Nd7 6. g3 e5 7. Bg2 Ne7 8. O-O O-O
9. Kh1 b5 10. Ne2 Rb8 11. c3 c5 12. Be3 Bb7 13. Qc2 Rc8 14. Rad1 a5 15. Nh4 Nc6
16. Qd2 exf4 17. Bxf4 Nde5 18. b3 b4 19. c4 Qe7 20. Be3 Ng4 21. Bg1 Bh6 22. Nf4
Nce5 23. h3 Nf6 24. Nfxg6 fxg6 25. Qxh6 Nh5 26. Qe3 Rxf1 27. Rxf1 Rf8 28. Rxf8+
Qxf8 29. Kh2 Bc8 30. Nf3 Qf6 31. Bf2 Ng7 32. Nxe5 Qxe5 33. d4 cxd4 34. Qxd4
Qxd4 35. Bxd4 Bd7 36. Bb6 a4 37. Ba5 axb3 38. axb3 Ne6 39. Bxb4 Nc5 40. e5 Nxb3
41. exd6 Nd4 42. Bc3 Nc6 43. g4 Kf7 44. Bd5+ Kf8 45. Kg3 h6 46. Kf4 g5+ 47. Ke4
Nd8 48. Kd4 Ne6+ 49. Ke4 Nf4 50. c5 Nxh3 51. c6 Bxg4 52. d7 Ke7 53. Bb4+ 1-0

[Event "?"]
[Site "?"]
[Date "????.??.??"]
[Round "?"]
[White "Meier, W."]
[Black "Andersson, S."]
[Result "0-1"]
[WhiteElo "2188"]
[BlackElo "1987"]
[Annotator "077"]
[PlyCount "94"]
[EventDate "2013.??.??"]
[WhiteTeam "SV Lok Dresden"]
[BlackTeam "Schweden 4"]

1. d4 f5 2. g3 Nf6 3. Bg2 g6 4. c4 Bg7 5. Nc3 O-O 6. Nh3 c6 7. Nf4 e5 8. dxe5
Ng4 9. Nd3 Nxe5 10. Nxe5 Bxe5 11. Bh6 Re8 12. Qd2 Qf6 13. Bg5 Qg7 14. h4 h5 15.
Rc1 d6 16. O-O Be6 17. b3 Nd7 18. Be3 Bf7 19. Rfd1 Re6 20. Rc2 Bf6 21. Bd4 Rae8
22. Bxf6 Qxf6 23. Qd4 Nc5 24. Qxf6 Rxf6 25. Rcd2 Ree6 26. e3 Kf8 27. Ne2 Ke7
28. Nf4 Re5 29. b4 Ne4 30. Rc2 g5 31. Nd3 Ree6 32. Bxe4 Rxe4 33. hxg5 Rg6 34.
f4 Rxe3 35. Kf2 Re4 36. c5 Bd5 37. a3 Bb3 38. Rcd2 Bxd1 39. Rxd1 Rge6 40. cxd6+
Rxd6 41. Nb2 Red4 42. Re1+ Kf7 43. Re2 h4 44. Na4 hxg3+ 45. Kxg3 Rd3+ 46. Kg2
b6 47. Nb2 Rc3 0-1

[Event "?"]
[Site "?"]
[Date "????.??.??"]
[Round "?"]
[White "Sandklef, A."]
[Black "Tichatschke, W."]
[Result "1-0"]
[WhiteElo "1975"]
[BlackElo "2012"]
[Annotator "078"]
[PlyCount "109"]
[EventDate "2013.??.??"]
[WhiteTeam "Schweden 4"]
[BlackTeam "SV Lok Dresden"]

1. d4 e6 2. Nf3 d5 3. c4 Nf6 4. e3 Be7 5. Nc3 O-O 6. Bd3 b6 7. O-O Bb7 8. b3
Nbd7 9. Bb2 c5 10. Qe2 Ne4 11. Rad1 Qc7 12. h3 Rac8 13. Bxe4 dxe4 14. Ne5 Nf6
15. Nb5 Qb8 16. Rd2 a6 17. Nc3 cxd4 18. exd4 Rfd8 19. Ng4 Qf4 20. Qe3 Qf5 21.
Qg3 Bd6 22. Nh6+ Kf8 23. Nxf5 Bxg3 24. Nxg3 h5 25. Re1 h4 26. Ngxe4 Nh5 27.
Ba3+ Kg8 28. Nd6 Rc7 29. Nxb7 Rxb7 30. d5 b5 31. Bb2 Rbd7 32. Rde2 b4 33. Na4
Nf4 34. Re3 Kh7 35. Nc5 Ra7 36. dxe6 fxe6 37. Nxe6 Nxe6 38. Rxe6 Rd2 39. R6e2
Rdd7 40. Bc1 a5 41. Re4 a4 42. Be3 Ra8 43. Rxh4+ Kg6 44. c5 axb3 45. axb3 Rb7
46. c6 Rc7 47. Rc4 Ra3 48. Bf4 Rc8 49. Re3 Kf5 50. c7 g5 51. Bg3 g4 52. h4 Ra1+
53. Kh2 Rd1 54. Re5+ Kf6 55. Rb5 1-0

[Event "?"]
[Site "?"]
[Date "????.??.??"]
[Round "?"]
[White "Goldberg, V."]
[Black "Nordenstrom, S."]
[Result "1-0"]
[WhiteElo "2150"]
[BlackElo "1929"]
[Annotator "079"]
[PlyCount "75"]
[EventDate "2013.??.??"]
[WhiteTeam "SV Lok Dresden"]
[BlackTeam "Schweden 4"]

1. e4 c5 2. Nf3 d6 3. d4 cxd4 4. Nxd4 Nf6 5. Nc3 a6 6. Be2 e6 7. Be3 Be7 8. Qd2
Qc7 9. g4 b5 10. f3 Nc6 11. a3 Bb7 12. O-O-O Nxd4 13. Bxd4 e5 14. Be3 Rc8 15.
g5 Nd7 16. h4 Nc5 17. Bf1 Qa5 18. Kb1 Na4 19. Nxa4 Qxa4 20. c3 Qb3 21. Qc2
Qxc2+ 22. Kxc2 O-O 23. Bh3 Rc4 24. b3 Rc6 25. h5 Bc8 26. h6 g6 27. Bxc8 Rfxc8
28. Rd3 Bd8 29. Bd2 Kf8 30. Ra1 f6 31. a4 bxa4 32. Rxa4 fxg5 33. Rd5 Kf7 34. b4
Rb8 35. Rda5 Kf8 36. Rxa6 Rxa6 37. Rxa6 Be7 38. c4 1-0

[Event "?"]
[Site "?"]
[Date "????.??.??"]
[Round "?"]
[White "Siegmund, R."]
[Black "Villing, D."]
[Result "1/2-1/2"]
[WhiteElo "2130"]
[BlackElo "2120"]
[Annotator "081"]
[PlyCount "23"]
[EventDate "2013.??.??"]
[WhiteTeam "Dresden-Striesen 1990"]
[BlackTeam "SF Rhein"]

1. d4 Nf6 2. g4 e5 3. dxe5 Nxg4 4. Bf4 Nc6 5. Nf3 Bb4+ 6. Nc3 Qe7 7. Qd5 Bxc3+
8. bxc3 f6 9. exf6 Nxf6 10. Qd3 d6 11. Bg3 O-O 12. Bg2 1/2-1/2

[Event "?"]
[Site "?"]
[Date "????.??.??"]
[Round "?"]
[White "Goy, U."]
[Black "Deppe, C."]
[Result "1-0"]
[WhiteElo "2220"]
[BlackElo "1863"]
[Annotator "082"]
[PlyCount "116"]
[EventDate "2013.??.??"]
[WhiteTeam "SF Rhein"]
[BlackTeam "Dresden-Striesen 1990"]

1. d4 Nf6 2. Nf3 g6 3. Nc3 d5 4. Bf4 c6 5. e3 Bg7 6. Bd3 Bg4 7. h3 Bxf3 8. Qxf3
Nbd7 9. O-O O-O 10. Qd1 Re8 11. Bh2 e5 12. dxe5 Nxe5 13. Re1 Nxd3 14. Qxd3 Ne4
15. Nxe4 Rxe4 16. c3 Qe7 17. Rac1 Be5 18. Red1 Bxh2+ 19. Kxh2 h5 20. Kg1 Rg4
21. a3 Qe4 22. Kf1 Re8 23. Qxe4 Rgxe4 24. Ke2 R8e7 25. Kd2 b5 26. b3 c5 27. b4
c4 28. Kc2 R7e5 29. Rd2 Rf5 30. a4 a6 31. axb5 axb5 32. Ra1 Re8 33. Ra7 Rb8 34.
Kb2 Re5 35. Rd7 Kg7 36. R2xd5 Rxd5 37. Rxd5 f5 38. h4 Rb6 39. Kc1 Kf6 40. Kd2
Ke6 41. Rc5 Kf6 42. Ke2 Ra6 43. Rxb5 Ra2+ 44. Kf3 Rc2 45. Rb6+ Kf7 46. Rc6 Rxc3
47. g3 Rc2 48. b5 Rb2 49. Rxc4 Rxb5 50. Kf4 Rb6 51. Kg5 Ke6 52. Rc5 Kf7 53.
Rc7+ Kf8 54. Kh6 Ra6 55. Kh7 Ra2 56. Kxg6 Rxf2 57. Rf7+ Ke8 58. Rxf5 Rg2 1-0

[Event "?"]
[Site "?"]
[Date "????.??.??"]
[Round "?"]
[White "Groschup, G."]
[Black "Krebs, D."]
[Result "1/2-1/2"]
[WhiteElo "2010"]
[BlackElo "2080"]
[Annotator "083"]
[PlyCount "79"]
[EventDate "2013.??.??"]
[WhiteTeam "Dresden-Striesen 1990"]
[BlackTeam "SF Rhein"]

1. d4 Nf6 2. c4 c5 3. d5 e6 4. Nc3 exd5 5. cxd5 d6 6. e4 g6 7. Bd3 Bg7 8. Nge2
O-O 9. O-O Re8 10. h3 a6 11. a4 Nbd7 12. Ng3 Qc7 13. Bg5 h6 14. Be3 c4 15. Bc2
Nc5 16. Qe2 Nfxe4 17. Ngxe4 Nxe4 18. Bxe4 f5 19. Bf3 f4 20. Bb6 Rxe2 21. Bxc7
Rxb2 22. Rac1 Be5 23. Ne4 b5 24. Bxd6 Bxd6 25. Nxd6 Bd7 26. Rb1 Rb3 27. Ne4 Bf5
28. Rxb3 cxb3 29. axb5 axb5 30. d6 b2 31. Nf6+ Kf7 32. Bxa8 Kxf6 33. d7 Ke7 34.
Bc6 b1=Q 35. Rxb1 Bxb1 36. Bxb5 Bf5 37. Kf1 Bxd7 38. Bxd7 Kxd7 39. Ke2 Ke6 40.
Kd3 1/2-1/2

[Event "?"]
[Site "?"]
[Date "????.??.??"]
[Round "?"]
[White "Weller, K."]
[Black "Barz, H."]
[Result "1/2-1/2"]
[WhiteElo "1967"]
[BlackElo "1974"]
[Annotator "084"]
[PlyCount "24"]
[EventDate "2013.??.??"]
[WhiteTeam "SF Rhein"]
[BlackTeam "Dresden-Striesen 1990"]

1. c4 Nf6 2. Nc3 g6 3. e4 d6 4. d4 Bg7 5. f4 O-O 6. Be2 Na6 7. Nf3 e5 8. dxe5
dxe5 9. Qxd8 Rxd8 10. Nxe5 Nc5 11. Bf3 Nfd7 12. Nxd7 Bxc3+ 1/2-1/2

[Event "?"]
[Site "?"]
[Date "????.??.??"]
[Round "?"]
[White "Hülsmann, J."]
[Black "Beniest, R."]
[Result "1-0"]
[WhiteElo "2180"]
[BlackElo "2138"]
[Annotator "085"]
[PlyCount "61"]
[EventDate "2013.??.??"]
[WhiteTeam "Mattadore Rheinld"]
[BlackTeam "Belgien 2"]

1. d4 d5 2. Nf3 Nf6 3. g3 e6 4. Bg2 Be7 5. O-O O-O 6. c4 Nbd7 7. Qc2 dxc4 8.
Nbd2 c5 9. dxc5 Nxc5 10. Nxc4 b5 11. Nfe5 Bb7 12. Bxb7 Nxb7 13. Nc6 Qc7 14.
Nxe7+ Qxe7 15. Ne5 Rac8 16. Qb3 a6 17. Bg5 Nc5 18. Qf3 h6 19. Nc6 Qb7 20. Bxf6
Qxc6 21. Qg4 g6 22. Rac1 Qe4 23. Qh3 Kh7 24. Be7 Nd7 25. Bxf8 Rxf8 26. Qh4 Qxe2
27. Qe7 Ne5 28. Qxf8 Nf3+ 29. Kh1 Ng5 30. f3 Qe5 31. Rc8 1-0

[Event "?"]
[Site "?"]
[Date "????.??.??"]
[Round "?"]
[White "Kurka, D."]
[Black "Hajenius, W."]
[Result "1/2-1/2"]
[WhiteElo "2069"]
[BlackElo "1923"]
[Annotator "087"]
[PlyCount "60"]
[EventDate "2013.??.??"]
[WhiteTeam "Mattadore Rheinld"]
[BlackTeam "Belgien 2"]

1. d4 Nf6 2. c4 g6 3. Nf3 Bg7 4. Nc3 O-O 5. g3 d6 6. Bg2 c6 7. O-O Nbd7 8. Qc2
Re8 9. Rd1 Qc7 10. b3 a6 11. a4 a5 12. Ba3 e5 13. dxe5 dxe5 14. Bd6 Qb6 15. Ng5
Ng4 16. Nge4 f5 17. c5 Qa7 18. Ng5 h6 19. Nf3 b6 20. Nh4 e4 21. Nxg6 Nxc5 22.
Rab1 Ne6 23. e3 Ba6 24. Bf1 Bxf1 25. Rxf1 Ng5 26. Nh4 Qf7 27. Kg2 Nf3 28. Ne2
Nxh4+ 29. gxh4 Be5 30. Bxe5 Nxe5 1/2-1/2

[Event "?"]
[Site "?"]
[Date "????.??.??"]
[Round "?"]
[White "Schrickx, F."]
[Black "Neumann, H."]
[Result "1/2-1/2"]
[WhiteElo "1901"]
[BlackElo "1908"]
[Annotator "088"]
[PlyCount "32"]
[EventDate "2013.??.??"]
[WhiteTeam "Belgien 2"]
[BlackTeam "Mattadore Rheinld"]

1. e4 c6 2. d4 d5 3. exd5 cxd5 4. c4 Nf6 5. Nc3 Nc6 6. Be3 g6 7. Nf3 Bg7 8. c5
O-O 9. Be2 Bg4 10. O-O e6 11. h3 Bxf3 12. Bxf3 b6 13. Qa4 Na5 14. b4 Nc4 15.
Qd1 Nxe3 16. fxe3 bxc5 1/2-1/2

[Event "?"]
[Site "?"]
[Date "????.??.??"]
[Round "?"]
[White "Danielsson, R."]
[Black "Heinig, J."]
[Result "1/2-1/2"]
[WhiteElo "2071"]
[BlackElo "1828"]
[Annotator "091"]
[PlyCount "42"]
[EventDate "2013.??.??"]
[WhiteTeam "Schweden 3"]
[BlackTeam "SV Bannewitz"]

1. d4 d5 2. c4 c6 3. Nf3 Nf6 4. Qc2 e6 5. g3 Nbd7 6. Bg2 Ne4 7. O-O f5 8. b3
Be7 9. Bb2 O-O 10. e3 g5 11. Ne1 g4 12. Nd3 Ndf6 13. Nf4 Bd7 14. Qe2 Rc8 15.
Nc3 Qe8 16. f3 gxf3 17. Bxf3 Kh8 18. Kh1 Rg8 19. Rg1 Qf8 20. Rg2 Qh6 21. Kg1
Ng5 1/2-1/2

[Event "?"]
[Site "?"]
[Date "????.??.??"]
[Round "?"]
[White "Köhn, W."]
[Black "Johansson, P."]
[Result "0-1"]
[WhiteElo "1531"]
[BlackElo "2007"]
[Annotator "092"]
[PlyCount "48"]
[EventDate "2013.??.??"]
[WhiteTeam "SV Bannewitz"]
[BlackTeam "Schweden 3"]

1. d4 d5 2. c4 c6 3. Nf3 Nf6 4. Nc3 dxc4 5. a4 Bf5 6. e3 e6 7. Bxc4 Bb4 8. O-O
Nbd7 9. Bd3 Bg4 10. h3 Bh5 11. Bd2 O-O 12. Re1 e5 13. Ne4 Bxd2 14. Nexd2 Re8
15. Qc2 Bxf3 16. dxe5 Nxe5 17. Bxh7+ Nxh7 18. Nxf3 Nxf3+ 19. gxf3 Qh4 20. Qf5
Re6 21. Kf1 Qc4+ 22. Re2 Rae8 23. Qc2 Qd5 24. e4 Qh5 0-1